| 000 | 00713cam a22002293a 4500 | ||
|---|---|---|---|
| 001 | 18177 | ||
| 003 | PGUSA | ||
| 005 | 20140828083403.0 | ||
| 008 | 060414s2006||||xxu|||||s|||||000 | eng d | ||
| 040 |
_aPGUSA _beng |
||
| 042 | _adc | ||
| 050 | 4 | _aD501 | |
| 100 | 1 |
_aDupont, Marcel, _d1879-1964 |
|
| 245 | 1 | 0 |
_aIn the Field (1914-1915) : _bThe Impressions of an Officer of Light Cavalry _h[electronic resource] / _cMarcel Dupont |
| 260 |
_bProject Gutenberg, _c2006 |
||
| 506 | _aPublic domain in the USA. | ||
| 516 | _aElectronic text | ||
| 653 | _aWorld War, 1914-1918 -- Personal narratives, French | ||
| 830 | 0 |
_aProject Gutenberg _v18177 |
|
| 856 | 4 | 0 | _uhttp://www.gutenberg.org/ebooks/18177 |
| 942 | _cEB | ||
| 999 |
_c247432 _d247432 |
||